| 000 | 00679nam a2200205Ii 4500 | ||
|---|---|---|---|
| 001 | 7494 | ||
| 003 | CO-ViMGA | ||
| 008 | 241108s9999||||xx |||||||||||||| ||und|| | ||
| 040 |
_aCO-ViMGA _bspa _erda _cCO-ViMGA |
||
| 041 | 0 | _aunk | |
| 084 | _aB-B689 | ||
| 100 | 1 |
_aCarmelian Soto Valencia _953895 |
|
| 245 | 1 | 0 |
_aUn centauro llamado Bolivar : _bEn homenaje al libertador en el bicentenario de su natalicio 1783-1983 |
| 264 | 1 | _a[Lugar de publicación no identificado] : Quingraficas, 1983 | |
| 300 | _avolumen | ||
| 336 |
_atext _btxt _2rdacontent |
||
| 337 |
_aunmediated _bn _2rdamedia |
||
| 338 |
_avolume _bnc _2rdacarrier |
||
| 940 | _aidficha_siabuc: 7321. -- ficha_no_siabuc:7494 | ||
| 999 |
_c50690 _d50690 |
||